[Event "TUR-chT Superleague 2018"]
[Site "Ankara"]
[Date "2018.07.26"]
[Round "2"]
[White "Injac, Teodora"]
[Black "Badelka, Olga"]
[Result "1/2-1/2"]
[WhiteElo "2302"]
[BlackElo "2407"]
[Annotator "NA"]
[PlyCount "141"]
[EventDate "2018.07.25"]
[EventType "team-tourn"]
[EventCountry "TUR"]
[SourceTitle "playchess.com"]
[Source "ChessBase"]
[SourceQuality "1"]
[TimeControl "40/5400+30:1800+30"]

1. d4 Nf6 2. Nf3 e6 3. c4 b6 4. g3 Bb7 5. Bg2 Be7 6. O-O O-O 7. Re1 Na6 8. Nc3 d5 9. cxd5 exd5 10. Bf4 c5 11. Rc1 Ne4 12. dxc5 Naxc5 13. Be5 Nxc3 14. Bxc3 Ne4 15. Bd4 Re8 16. a3 Bd6 17. e3 Qd7 18. Qd3 Qf5 19. Qe2 Nc5 20. Nh4 Qe6 21. Rcd1 Bf8 22. Qh5 Rad8 23. Nf3 f6 24. b4 Ne4 25. Bh3 Qe7 26. Rc1 g6 27. Qh4 Qf7 28. Qf4 Re7 29. Bg2 Bc8 30. h4 Bg7 31. Nh2 h5 32. Qb8 Nd6 33. Rc6 Red7 34. Rxd6 Rxd6 35. Rc1 Bh3 36. Qc7 Bxg2 37. Kxg2 R6d7 38. Qc2 Kh7 39. Nf3 Qe6 40. Qa4 Qe4 41. Rc6 Rf7 42. Qd1 Rdd7 43. Kg1 Qg4 44. Kg2 Rc7 45. Rd6 Rfd7 {[%emt 2:08:28]} 46. Rxf6 {[%emt 2:14:43]} Bxf6 {[%emt 0:00:30]} 47. Bxf6 {[%emt 0:00:30]} Kg8 {[%emt 0:00:25]} 48. Be5 {[%emt 0:01:30]} Rc8 {[%emt 0:00:12]} 49. Bf4 {[%emt 0:01:54]} Rf8 {[%emt 0:10:24]} 50. Qd4 {[%emt 0:01:12]} Qf5 {[%emt 0:01:36]} 51. Ng5 {[%emt 0:00:51]} Rc8 {[%emt 0:01:41]} 52. Qd1 {[%emt 0:02:34]} Rc2 {[%emt 0:02:52]} 53. e4 {[%emt 0:00:25]} Rxf2+ {[%emt 0:00:06]} 54. Kxf2 {[%emt 0:00:30]} dxe4 {[%emt 0:00:00]} 55. Qb3+ {[%emt 0:00:01]} Qd5 {[%emt 0:01:13]} 56. Qxd5+ {[%emt 0:01:22]} Rxd5 {[%emt 0:00:00]} 57. Nxe4 {[%emt 0:00:30]} Rd3 {[%emt 0:00:08]} 58. Bc1 {[%emt 0:00:58]} Rd1 {[%emt 0:00:38]} 59. Bf4 {[%emt 0:01:55]} Ra1 {[%emt 0:00:23]} 60. Ke3 {[%emt 0:00:39]} Rxa3+ {[%emt 0:00:30]} 61. Kd4 {[%emt 0:00:00]} Ra4 {[%emt 0:00:50]} 62. Kc4 {[%emt 0:00:13]} a5 {[%emt 0:00:59]} 63. Bd6 {[%emt 0:00:45]} Ra1 {[%emt 0:00:21]} 64. bxa5 {[%emt 0:01:01]} bxa5 {[%emt 0:00:04]} 65. Nc3 {[%emt 0:00:15]} Kf7 {[%emt 0:00:51]} 66. Kb5 {[%emt 0:00:37]} Rc1 {[%emt 0:00:48]} 67. Na4 {[%emt 0:00:17]} Ke6 {[%emt 0:00:14]} 68. Bf4 {[%emt 0:00:07]} Rf1 {[%emt 0:00:27]} 69. Kxa5 {[%emt 0:00:52]} Rxf4 {[%emt 0:00:40]} 70. gxf4 {[%emt 0:00:30]} Kf5 {[%emt 0:00:00]} 71. Kb4 {[%emt 0:00:16]} 1/2-1/2

[Event "TUR-chT Superleague 2018"]
[Site "Ankara"]
[Date "2018.07.26"]
[Round "2"]
[White "Ozenir, Ekin Baris"]
[Black "Kamer, Kayra"]
[Result "0-1"]
[WhiteElo "2300"]
[BlackElo "2181"]
[Annotator "NA"]
[PlyCount "52"]
[EventDate "2018.07.25"]
[EventType "team-tourn"]
[EventCountry "TUR"]
[SourceTitle "playchess.com"]
[Source "ChessBase"]
[SourceQuality "1"]
[TimeControl "40/5400+30:1800+30"]

1. d4 {[%emt 0:00:30]} Nf6 {[%emt 0:01:00]} 2. Bg5 {[%emt 0:00:30]} e6 {[%emt 0:00:30]} 3. e4 {[%emt 0:00:00]} c5 {[%emt 0:00:00]} 4. e5 {[%emt 0:10:00]} h6 {[%emt 0:00:00]} 5. Bc1 {[%emt 0:03:30]} Nd5 {[%emt 0:00:00]} 6. c4 {[%emt 0:02:30]} Nb6 {[%emt 0:00:00]} 7. Nf3 {[%emt 0:01:30]} cxd4 {[%emt 0:00:30]} 8. Qxd4 {[%emt 0:08:30]} Nc6 {[%emt 0:00:30]} 9. Qg4 {[%emt 0:06:30]} d5 {[%emt 0:01:30]} 10. cxd5 {[%emt 0:03:30]} Nb4 {[%emt 0:07:30]} 11. Na3 {[%emt 0:06:30]} Qxd5 {[%emt 0:00:30]} 12. Be3 {[%emt 0:07:30]} Bd7 {[%emt 0:03:30]} 13. Be2 {[%emt 0:13:30]} Nd3+ {[%emt 0:03:30]} 14. Bxd3 {[%emt 0:01:30]} Qxd3 {[%emt 0:00:00]} 15. Rd1 {[%emt 0:05:30]} Qa6 {[%emt 0:00:00]} 16. Bxb6 {[%emt 0:01:30]} Bxa3 {[%emt 0:04:30]} 17. bxa3 {[%emt 0:02:30]} axb6 {[%emt 0:00:30]} 18. Qxg7 {[%emt 0:00:30]} O-O-O {[%emt 0:00:30]} 19. Qg4 {[%emt 0:11:21]} Bc6 {[%emt 0:01:30]} 20. Rc1 {[%emt 0:03:22]} Kb8 {[%emt 0:03:30]} 21. Qc4 {[%emt 0:02:53]} Bb5 {[%emt 0:00:00]} 22. Qb4 {[%emt 0:00:31]} Rd5 {[%emt 0:01:00]} 23. Rd1 {[%emt 0:04:19]} Bf1 {[%emt 0:00:30]} 24. Qe4 {[%emt 0:02:56]} Qa5+ {[%emt 0:02:30]} 25. Nd2 {[%emt 0:00:33]} Bd3 {[%emt 0:01:30]} 26. Qb4 {[%emt 0:00:30]} Rxe5+ {[%emt 0:00:30]} 0-1

[Event "TUR-chT Superleague 2018"]
[Site "Ankara"]
[Date "2018.07.26"]
[Round "2"]
[White "Yaran, Siar"]
[Black "Ozcan, Kaan"]
[Result "1-0"]
[WhiteElo "2261"]
[BlackElo "1523"]
[Annotator "NA"]
[PlyCount "173"]
[EventDate "2018.07.25"]
[EventType "team-tourn"]
[EventCountry "TUR"]
[SourceTitle "playchess.com"]
[Source "ChessBase"]
[SourceQuality "1"]
[TimeControl "40/5400+30:1800+30"]

1. c4 Nf6 2. Nc3 d5 3. cxd5 Nxd5 4. Nf3 g6 5. e4 Nxc3 6. dxc3 Qxd1+ 7. Kxd1 Bg4 8. Be2 Bxf3 9. Bxf3 c6 10. Be3 Bg7 11. Kc2 Nd7 12. Rad1 a6 13. a4 O-O-O 14. b4 Rhe8 15. Be2 Nf6 16. f3 Rxd1 17. Rxd1 Rd8 18. Rb1 Nd7 19. b5 axb5 20. axb5 cxb5 21. Bxb5 Be5 22. Bc4 e6 23. h4 Bc7 24. h5 Ne5 25. Bb5 Nc6 26. Rh1 Bd6 27. hxg6 hxg6 28. Rh7 Rd7 29. f4 Kc7 30. e5 Bf8 31. g4 b6 32. Bf2 Bc5 33. Bg3 Re7 34. f5 gxf5 35. gxf5 Kb7 36. f6 Rc7 37. Be2 Be3 38. Bh5 Nd8 39. Bf3+ Nc6 40. Kd3 Bc1 41. Rh1 Ba3 42. Ra1 Bc5 43. Kc4 Kb8 44. Rh1 Nd8 45. Kb5 Be3 46. Rh8 Kc8 47. Bh5 {[%emt 2:10:24]} Kd7 {[%emt 2:14:38]} 48. Rf8 {[%emt 0:01:41]} Kc8 {[%emt 0:01:55]} 49. Re8 {[%emt 0:01:39]} Bc5 {[%emt 0:02:13]} 50. Ka4 {[%emt 0:04:15]} Kd7 {[%emt 0:01:50]} 51. Rg8 {[%emt 0:00:08]} Be3 {[%emt 0:00:36]} 52. Kb3 {[%emt 0:01:47]} Bc5 {[%emt 0:02:00]} 53. Be2 {[%emt 0:00:35]} Be3 {[%emt 0:01:41]} 54. Bb5+ {[%emt 0:00:16]} Kc8 {[%emt 0:00:00]} 55. Re8 {[%emt 0:00:29]} Bc5 {[%emt 0:01:18]} 56. Bf4 {[%emt 0:00:40]} Bf2 {[%emt 0:01:15]} 57. Ba6+ {[%emt 0:01:28]} Kd7 {[%emt 0:00:43]} 58. Re7+ {[%emt 0:01:18]} Kc6 {[%emt 0:00:09]} 59. Bb5+ {[%emt 0:00:02]} Kb7 {[%emt 0:00:51]} 60. Be8 {[%emt 0:00:24]} Bc5 {[%emt 0:00:05]} 61. Rxc7+ {[%emt 0:01:35]} Kxc7 {[%emt 0:00:30]} 62. Kc4 {[%emt 0:00:00]} Kb7 {[%emt 0:00:00]} 63. Kd3 {[%emt 0:00:41]} Ka6 {[%emt 0:00:22]} 64. Ke4 {[%emt 0:00:30]} b5 {[%emt 0:00:53]} 65. Bd2 {[%emt 0:03:35]} Bg1 {[%emt 0:00:55]} 66. Bc1 {[%emt 0:00:27]} Kb6 {[%emt 0:00:51]} 67. Ba3 {[%emt 0:00:29]} Bc5 {[%emt 0:00:07]} 68. Bb4 {[%emt 0:00:03]} Bf2 {[%emt 0:00:46]} 69. Be7 {[%emt 0:00:35]} Kc7 {[%emt 0:00:11]} 70. Bxb5 {[%emt 0:00:58]} Nc6 {[%emt 0:00:08]} 71. Bd6+ {[%emt 0:00:24]} Kb6 {[%emt 0:00:11]} 72. Be2 {[%emt 0:00:00]} Bc5 {[%emt 0:00:41]} 73. Bxc5+ {[%emt 0:01:07]} Kxc5 {[%emt 0:00:06]} 74. Ba6 {[%emt 0:00:38]} Nd8 {[%emt 0:01:05]} 75. c4 {[%emt 0:00:21]} Kb6 {[%emt 0:01:03]} 76. Bb5 {[%emt 0:00:30]} Kc5 {[%emt 0:00:30]} 77. Kd3 {[%emt 0:00:00]} Nb7 {[%emt 0:00:00]} 78. Be8 {[%emt 0:00:00]} Na5 {[%emt 0:00:17]} 79. Bxf7 {[%emt 0:00:49]} Nxc4 {[%emt 0:00:30]} 80. Ke4 {[%emt 0:00:00]} Nd6+ {[%emt 0:00:44]} 81. exd6 {[%emt 0:00:19]} Kxd6 {[%emt 0:00:00]} 82. Bg8 {[%emt 0:00:05]} Kd7 {[%emt 0:00:00]} 83. Ke5 {[%emt 0:00:30]} Ke8 {[%emt 0:00:28]} 84. Kxe6 {[%emt 0:00:00]} Kf8 {[%emt 0:00:10]} 85. Bh7 {[%emt 0:00:07]} Ke8 {[%emt 0:00:14]} 86. Bc2 {[%emt 0:00:10]} Kf8 {[%emt 0:00:21]} 87. f7 {[%emt 0:00:04]} 1-0

[Event "TUR-chT Superleague 2018"]
[Site "Ankara"]
[Date "2018.07.26"]
[Round "2"]
[White "Demircioglu, Emre"]
[Black "Dastan, Muhammed Batuhan"]
[Result "0-1"]
[WhiteElo "2244"]
[BlackElo "2552"]
[Annotator "ChessBase"]
[PlyCount "140"]
[EventDate "2018.07.25"]
[EventType "team-tourn"]
[EventCountry "TUR"]
[SourceTitle "playchess.com"]
[Source "ChessBase"]
[SourceQuality "1"]
[TimeControl "40/5400+30:1800+30"]

1. d4 Nf6 2. c4 g6 3. Nc3 Bg7 4. g3 O-O 5. Bg2 d6 6. Nf3 Nc6 7. O-O a6 8. Re1 Rb8 9. Rb1 Nh5 10. d5 Na5 11. Qd3 c5 12. b4 cxb4 13. Rxb4 Qc7 14. Bd2 Bd7 15. Rc1 Rfc8 16. Na4 b6 17. Qb1 Bxa4 18. Rxa4 Nf6 19. Bh3 Nd7 20. Qb4 f5 21. e4 Nc5 22. exf5 Nd3 23. Qa3 Nxc1 24. Qxc1 Nxc4 25. f6 Bxf6 26. Bxc8 Rxc8 27. Bg5 Ne5 28. Qxc7 Nxf3+ 29. Kg2 Rxc7 30. Bxf6 Ne1+ 31. Kf1 Nf3 32. Kg2 Ne1+ 33. Kf1 exf6 34. Kxe1 a5 35. Rf4 Kf7 36. a4 Rc5 37. Rd4 f5 38. Kd2 Kf6 39. f4 h6 40. Rd3 Rc4 41. Rb3 Rxa4 42. Kc3 g5 43. Rxb6 gxf4 44. gxf4 Rxf4 45. Rxd6+ Ke5 46. Rxh6 Kxd5 47. h4 {[%emt 2:15:37]} Rf3+ {[%emt 2:08:28]} 48. Kd2 {[%emt 0:00:30]} Ke4 {[%emt 0:00:30]} 49. h5 {[%emt 0:01:39]} Ra3 {[%emt 0:01:50]} 50. Rh8 {[%emt 0:01:48]} f4 {[%emt 0:09:40]} 51. h6 {[%emt 0:00:25]} Rh3 {[%emt 0:00:31]} 52. h7 {[%emt 0:00:52]} Kf3 {[%emt 0:00:01]} 53. Kc2 {[%emt 0:00:58]} Rh6 {[%emt 0:02:38]} 54. Kb2 {[%emt 0:00:43]} Rb6+ {[%emt 0:00:31]} 55. Ka3 {[%emt 0:02:36]} Rb7 {[%emt 0:00:01]} 56. Ka4 {[%emt 0:00:41]} Re7 {[%emt 0:00:25]} 57. Kxa5 {[%emt 0:01:59]} Ke3 {[%emt 0:00:07]} 58. Kb6 {[%emt 0:00:56]} f3 {[%emt 0:00:30]} 59. Kc6 {[%emt 0:00:30]} f2 {[%emt 0:00:00]} 60. Kd6 {[%emt 0:00:00]} f1=Q {[%emt 0:02:05]} 61. Kxe7 {[%emt 0:00:00]} Qf5 {[%emt 0:00:00]} 62. Re8 {[%emt 0:01:13]} Qxh7+ {[%emt 0:00:00]} 63. Kd6+ {[%emt 0:00:22]} Kd4 {[%emt 0:00:06]} 64. Re6 {[%emt 0:00:13]} Qb7 {[%emt 0:00:35]} 65. Re8 {[%emt 0:00:47]} Qb6+ {[%emt 0:01:14]} 66. Ke7 {[%emt 0:00:18]} Ke5 {[%emt 0:00:24]} 67. Kf7+ {[%emt 0:01:01]} Kf5 {[%emt 0:00:05]} 68. Kg7 {[%emt 0:00:26]} Qg6+ {[%emt 0:00:30]} 69. Kf8 {[%emt 0:00:00]} Qf6+ {[%emt 0:00:21]} 70. Kg8 {[%emt 0:00:00]} Kg6 {[%emt 0:00:30]} 0-1

[Event "TUR-chT Superleague 2018"]
[Site "Ankara"]
[Date "2018.07.26"]
[Round "2"]
[White "Yilmaz, Goktan"]
[Black "Kilic, Efe Mert"]
[Result "1/2-1/2"]
[WhiteElo "2233"]
[BlackElo "2317"]
[Annotator "NA"]
[PlyCount "45"]
[EventDate "2018.07.25"]
[EventType "team-tourn"]
[EventCountry "TUR"]
[SourceTitle "playchess.com"]
[Source "ChessBase"]
[SourceQuality "1"]
[TimeControl "40/5400+30:1800+30"]

1. e4 {[%emt 0:00:30]} d6 {[%emt 0:01:00]} 2. d4 {[%emt 0:00:30]} Nf6 {[%emt 0:00:30]} 3. Nc3 {[%emt 0:00:00]} g6 {[%emt 0:01:30]} 4. f4 {[%emt 0:03:00]} Bg7 {[%emt 0:00:30]} 5. Nf3 {[%emt 0:00:30]} O-O {[%emt 0:00:00]} 6. Be3 {[%emt 0:00:30]} Nbd7 {[%emt 0:00:00]} 7. Qd2 {[%emt 0:04:30]} c5 {[%emt 0:01:30]} 8. h3 {[%emt 0:16:30]} cxd4 {[%emt 0:01:30]} 9. Bxd4 {[%emt 0:02:30]} Qa5 {[%emt 0:12:30]} 10. Bd3 {[%emt 0:04:30]} e5 {[%emt 0:01:30]} 11. fxe5 {[%emt 0:05:30]} Nxe5 {[%emt 0:01:30]} 12. Nxe5 {[%emt 0:04:30]} dxe5 {[%emt 0:00:30]} 13. Be3 {[%emt 0:00:30]} Be6 {[%emt 0:01:30]} 14. O-O {[%emt 0:00:30]} Nh5 {[%emt 0:07:30]} 15. Nd5 {[%emt 0:10:30]} Qxd2 {[%emt 0:00:30]} 16. Bxd2 {[%emt 0:00:30]} Bxd5 {[%emt 0:02:30]} 17. exd5 {[%emt 0:00:00]} Rad8 {[%emt 0:00:30]} 18. Bb4 {[%emt 0:07:00]} e4 {[%emt 0:04:30]} 19. Bxe4 {[%emt 0:07:30]} Bd4+ {[%emt 0:01:30]} 20. Kh2 {[%emt 0:00:30]} Be5+ {[%emt 0:00:00]} 21. Kg1 {[%emt 0:00:30]} Bd4+ {[%emt 0:00:00]} 22. Kh2 {[%emt 0:00:30]} Be5+ {[%emt 0:00:30]} 23. Kg1 {[%emt 0:00:30]} 1/2-1/2

[Event "TUR-chT Superleague 2018"]
[Site "Ankara"]
[Date "2018.07.26"]
[Round "2"]
[White "Samani, Yamac"]
[Black "Ozen, Bahadir"]
[Result "1/2-1/2"]
[WhiteElo "2227"]
[BlackElo "2317"]
[Annotator "NA"]
[PlyCount "59"]
[EventDate "2018.07.25"]
[EventType "team-tourn"]
[EventCountry "TUR"]
[SourceTitle "playchess.com"]
[Source "ChessBase"]
[SourceQuality "1"]
[TimeControl "40/5400+30:1800+30"]

1. e4 {[%emt 0:00:30]} e5 {[%emt 0:01:00]} 2. Nf3 {[%emt 0:00:30]} Nc6 {[%emt 0:00:30]} 3. Nc3 {[%emt 0:00:30]} Nf6 {[%emt 0:00:30]} 4. d4 {[%emt 0:00:30]} exd4 {[%emt 0:01:30]} 5. Nxd4 {[%emt 0:00:30]} Bb4 {[%emt 0:00:30]} 6. Nxc6 {[%emt 0:00:30]} bxc6 {[%emt 0:00:30]} 7. Bd3 {[%emt 0:00:30]} d5 {[%emt 0:01:30]} 8. exd5 {[%emt 0:00:30]} O-O {[%emt 0:00:30]} 9. O-O {[%emt 0:00:30]} Bg4 {[%emt 0:00:00]} 10. Be2 {[%emt 0:09:30]} Bxe2 {[%emt 0:01:00]} 11. Qxe2 {[%emt 0:00:00]} cxd5 {[%emt 0:01:30]} 12. Qf3 {[%emt 0:12:00]} Re8 {[%emt 0:06:30]} 13. Bg5 {[%emt 0:03:30]} Bxc3 {[%emt 0:08:30]} 14. bxc3 {[%emt 0:02:30]} Qd6 {[%emt 0:01:30]} 15. Bxf6 {[%emt 0:05:30]} Qxf6 {[%emt 0:01:30]} 16. Qxd5 {[%emt 0:14:30]} Qxc3 {[%emt 0:00:30]} 17. Qb3 {[%emt 0:08:30]} Qc5 {[%emt 0:05:30]} 18. Rfe1 {[%emt 0:10:30]} Qc6 {[%emt 0:03:30]} 19. h3 {[%emt 0:01:30]} g6 {[%emt 0:00:30]} 20. Rad1 {[%emt 0:00:30]} Rxe1+ {[%emt 0:00:30]} 21. Rxe1 {[%emt 0:00:00]} Re8 {[%emt 0:01:30]} 22. Rxe8+ {[%emt 0:00:00]} Qxe8 {[%emt 0:00:30]} 23. Kf1 {[%emt 0:00:30]} Qc6 {[%emt 0:00:00]} 24. Qb8+ {[%emt 0:00:30]} Kg7 {[%emt 0:00:00]} 25. Qb2+ {[%emt 0:00:30]} Kg8 {[%emt 0:00:30]} 26. Qb8+ {[%emt 0:00:30]} Kg7 {[%emt 0:00:30]} 27. Qb2+ {[%emt 0:00:30]} Kg8 {[%emt 0:00:00]} 28. Qb8+ {[%emt 0:00:00]} Kg7 {[%emt 0:00:00]} 29. Qb2+ {[%emt 0:00:00]} Kg8 {[%emt 0:00:00]} 30. Qb8+ {[%emt 0:00:00]} 1/2-1/2

[Event "TUR-chT Superleague 2018"]
[Site "Ankara"]
[Date "2018.07.26"]
[Round "2"]
[White "Kinsiz, Onur"]
[Black "Ertan, Can"]
[Result "1-0"]
[WhiteElo "2204"]
[BlackElo "2379"]
[Annotator "NA"]
[PlyCount "85"]
[EventDate "2018.07.25"]
[EventType "team-tourn"]
[EventCountry "TUR"]
[SourceTitle "playchess.com"]
[Source "ChessBase"]
[SourceQuality "1"]
[TimeControl "40/5400+30:1800+30"]

1. e4 {[%emt 0:00:30]} e5 {[%emt 0:01:00]} 2. Nf3 {[%emt 0:00:30]} Nc6 {[%emt 0:00:30]} 3. Bc4 {[%emt 0:00:30]} Bc5 {[%emt 0:00:30]} 4. c3 {[%emt 0:00:30]} Nf6 {[%emt 0:00:00]} 5. d4 {[%emt 0:00:00]} exd4 {[%emt 0:00:00]} 6. e5 {[%emt 0:00:00]} d5 {[%emt 0:00:00]} 7. Bb5 {[%emt 0:00:30]} Ne4 {[%emt 0:00:00]} 8. cxd4 {[%emt 0:00:00]} Bb4+ {[%emt 0:02:30]} 9. Bd2 {[%emt 0:03:00]} Nxd2 {[%emt 0:03:30]} 10. Bxc6+ {[%emt 0:02:30]} bxc6 {[%emt 0:00:30]} 11. Nbxd2 {[%emt 0:00:00]} O-O {[%emt 0:04:30]} 12. O-O {[%emt 0:04:00]} Bg4 {[%emt 0:00:30]} 13. h3 {[%emt 0:22:30]} Bh5 {[%emt 0:00:30]} 14. Qa4 {[%emt 0:15:30]} c5 {[%emt 0:03:30]} 15. Rac1 {[%emt 0:08:30]} Rb8 {[%emt 0:10:30]} 16. dxc5 {[%emt 0:23:08]} Qe7 {[%emt 0:00:30]} 17. a3 {[%emt 0:05:33]} Bxd2 {[%emt 0:06:30]} 18. Nxd2 {[%emt 0:00:30]} Qxe5 {[%emt 0:00:00]} 19. b4 {[%emt 0:02:09]} a5 {[%emt 0:00:00]} 20. bxa5 {[%emt 0:05:08]} Qb2 {[%emt 0:06:30]} 21. Qf4 {[%emt 0:01:28]} Ra8 {[%emt 0:05:30]} 22. Nf3 {[%emt 0:01:51]} Qxa3 {[%emt 0:00:30]} 23. Nd4 {[%emt 0:01:51]} Qxa5 {[%emt 0:06:30]} 24. Nc6 {[%emt 0:00:40]} Qa2 {[%emt 0:02:30]} 25. Qxc7 {[%emt 0:00:33]} Qd2 {[%emt 0:02:30]} 26. Qe5 {[%emt 0:00:35]} Be2 {[%emt 0:00:30]} 27. Rfe1 {[%emt 0:00:27]} Bc4 {[%emt 0:03:30]} 28. Red1 {[%emt 0:01:03]} Qh6 {[%emt 0:03:30]} 29. Ne7+ {[%emt 0:00:19]} Kh8 {[%emt 0:00:00]} 30. Nxd5 {[%emt 0:00:36]} Bb3 {[%emt 0:00:00]} 31. Re1 {[%emt 0:00:44]} f6 {[%emt 0:00:30]} 32. Qf5 {[%emt 0:00:13]} Rae8 {[%emt 0:02:30]} 33. Nb6 {[%emt 0:00:39]} Qd2 {[%emt 0:02:30]} 34. Qb1 {[%emt 0:00:02]} Re5 {[%emt 0:17:18]} 35. c6 {[%emt 0:00:56]} Bc2 {[%emt 0:01:12]} 36. Qa1 {[%emt 0:00:33]} Rf5 {[%emt 0:01:33]} 37. Rf1 {[%emt 0:00:07]} Rg5 {[%emt 0:04:54]} 38. Qa3 {[%emt 0:00:52]} Re8 {[%emt 0:00:13]} 39. c7 {[%emt 0:00:29]} Be4 {[%emt 0:03:42]} 40. g3 {[%emt 0:00:00]} Bd3 {[%emt 0:04:38]} 41. c8=Q {[%emt 0:07:34]} Rxg3+ {[%emt 0:01:30]} 42. Kh2 {[%emt 0:03:30]} Rge3 {[%emt 0:01:30]} 43. Qf8+ {[%emt 0:00:00]} 1-0

[Event "TUR-chT Superleague 2018"]
[Site "Ankara"]
[Date "2018.07.26"]
[Round "2"]
[White "Ozkan, Ervin"]
[Black "Erdogdu, Aziz Mert"]
[Result "0-1"]
[WhiteElo "2171"]
[BlackElo "2411"]
[Annotator "TA"]
[PlyCount "94"]
[EventDate "2018.07.25"]
[EventType "team-tourn"]
[EventCountry "TUR"]
[SourceTitle "playchess.com"]
[Source "ChessBase"]
[SourceQuality "1"]

{[%evp 15,94,41,45,-29,27,0,0,8,22,0,0,-37,-27,-51,-27,-33,-20,-167,-110,-136,-68,-46,-60,-131,-114,-115,-117,-117,-116,-137,-137,-138,-137,-147,-145,-179,-179,-179,-175,-179,-178,-175,-172,-206,-181,-174,-154,-211,-195,-192,-173,-262,-161,-368,-355,-384,-392,-386,-370,-413,-404,-770,-726,-795,-357,-568,-332,-256,0,-595,-589,-546,-580,-1130,-1122,-865,-208,-4710,-4690,-1904,-1777]} 1. d4 Nf6 2. Nf3 g6 3. c4 Bg7 4. Nc3 O-O 5. Bg5 d6 6. e3 c5 7. d5 b5 {E61: King's Indian: Early deviations for White, including Smyslov System} (7... h6 8. Bh4 g5 9. Bg3 Nh5 10. Bd3 f5 11. Nd2 Nxg3 12. hxg3 Nd7 13. f4 Nf6 14. Qe2 gxf4 15. gxf4 Ng4 16. e4 fxe4 17. Qxe4 {0-1 (34) Indjic,A (2581)-Amin,B (2680) Abu Dhabi 2017}) 8. cxb5 a6 {LiveBook: 31 Games} 9. bxa6 (9. a4 $14) 9... Nbd7 (9... Qa5 $142) 10. Be2 Qa5 $146 ({Predecessor:} 10... Qb6 11. Rb1 Bxa6 12. O-O h6 13. Bh4 Rfb8 14. Nd2 Qb4 15. f4 Bxe2 16. Qxe2 {0-1 (53) Homrana,M (2114)-Belkhodja,S (2467) Tripoli 2009}) 11. O-O h6 12. Bh4 Bxa6 13. Re1 Rfb8 14. Qc2 g5 15. Bg3 Nh5 $36 {[%mdl 2048] ...Rxb2! is the strong threat. Black has good play.} 16. Rab1 {[#]} (16. Bxa6 $11 Qxa6 17. e4) 16... Bxe2 (16... Bxc3 $1 $19 17. bxc3 Rxb1 18. Qxb1 Bxe2 19. Rxe2 Qxc3) 17. Rxe2 Nb6 ({Black should try} 17... Bxc3 $1 $17 18. bxc3 Rxb1+ 19. Qxb1 Qxc3) 18. e4 $15 Nc4 19. Nd2 (19. e5 $15) 19... Nxd2 $17 20. Rxd2 Bxc3 21. bxc3 {[#]} Qxc3 $1 {[%mdl 512]} 22. Rc1 (22. Qxc3 Rxb1+) 22... Qxc2 23. Rdxc2 Rb4 24. f3 Rba4 25. Ra1 Nxg3 26. hxg3 $19 {[%mdl 4096] Endgame KRR-KRR} h5 27. Kf2 Kg7 28. Re2 Kg6 29. Rb2 R8a7 30. Re2 Ra3 31. Rb2 (31. e5 $17) 31... R7a4 32. Re2 g4 33. f4 (33. Rc2 $142) 33... Rd4 34. Re3 $2 {[#]} (34. Rb1 {was the only chance.}) 34... Rd2+ $1 35. Re2 Rdd3 36. Rb1 Rxg3 37. Rb7 Rgc3 38. Rxe7 (38. Rb1 $142) 38... g3+ 39. Kf1 Rc1+ 40. Re1 Rc2 41. Re2 Rc1+ $2 ({Resist} 41... Rcxa2 42. e5 $19) (41... Raxa2 {( -> ...Rc1+)} 42. Rxc2 Rxc2) 42. Re1 Rxe1+ 43. Kxe1 Rxa2 44. e5 h4 {[%cal Bh5h4,Bh4h3][%mdl 32]} 45. Re8 Ra6 $2 (45... Kf5 46. e6 fxe6) 46. Rf8 $2 (46. Rh8) 46... Kg7 47. Rb8 {[#]} h3 $1 {[%mdl 512] Precision: White = 23%, Black = 70%.} 0-1

[Event "TUR-chT Superleague 2018"]
[Site "Ankara"]
[Date "2018.07.26"]
[Round "2"]
[White "Kara, Yanki"]
[Black "Bozbey, Ali"]
[Result "0-1"]
[WhiteElo "2120"]
[BlackElo "2126"]
[Annotator "NA"]
[PlyCount "107"]
[EventDate "2018.07.25"]
[EventType "team-tourn"]
[EventCountry "TUR"]
[SourceTitle "playchess.com"]
[Source "ChessBase"]
[SourceQuality "1"]
[TimeControl "40/5400+30:1800+30"]

1. d4 {[%emt 0:00:30]} Nf6 {[%emt 0:01:00]} 2. Bg5 {[%emt 0:00:00]} Ne4 {[%emt 0:04:30]} 3. Bf4 {[%emt 0:00:00]} d5 {[%emt 0:00:00]} 4. f3 {[%emt 0:07:30]} Nf6 {[%emt 0:04:00]} 5. Nc3 {[%emt 0:02:30]} e6 {[%emt 0:01:30]} 6. e4 {[%emt 0:10:30]} Bb4 {[%emt 0:01:30]} 7. Bd3 {[%emt 0:01:30]} c5 {[%emt 0:04:30]} 8. dxc5 {[%emt 0:11:30]} O-O {[%emt 0:12:30]} 9. Bd6 {[%emt 0:04:30]} Re8 {[%emt 0:00:30]} 10. Nge2 {[%emt 0:05:30]} b6 {[%emt 0:19:30]} 11. e5 {[%emt 0:09:30]} Nfd7 {[%emt 0:01:30]} 12. cxb6 {[%emt 0:02:30]} Bxd6 {[%emt 0:01:30]} 13. exd6 {[%emt 0:00:30]} Qxb6 {[%emt 0:00:30]} 14. Nb5 {[%emt 0:00:30]} Na6 {[%emt 0:01:30]} 15. a4 {[%emt 0:01:30]} Ne5 {[%emt 0:04:30]} 16. Nec3 {[%emt 0:02:30]} Bd7 {[%emt 0:07:30]} 17. Qe2 {[%emt 0:01:30]} Nxd3+ {[%emt 0:00:30]} 18. Qxd3 {[%emt 0:04:30]} Nb4 {[%emt 0:01:30]} 19. Qd2 {[%emt 0:00:30]} Rec8 {[%emt 0:00:00]} 20. Qf2 {[%emt 0:04:30]} d4 {[%emt 0:01:00]} 21. a5 {[%emt 0:02:30]} Qc5 {[%emt 0:00:30]} 22. Nc7 {[%emt 0:00:30]} Rxc7 {[%emt 0:02:30]} 23. dxc7 {[%emt 0:00:30]} Qxc7 {[%emt 0:00:00]} 24. Ra3 {[%emt 0:01:30]} dxc3 {[%emt 0:00:00]} 25. Rxc3 {[%emt 0:00:30]} Qe5+ {[%emt 0:00:30]} 26. Qe2 {[%emt 0:00:30]} Qxa5 {[%emt 0:00:30]} 27. O-O {[%emt 0:05:46]} Nd5 {[%emt 0:10:30]} 28. Ra3 {[%emt 0:00:35]} Qb6+ {[%emt 0:01:11]} 29. Qf2 {[%emt 0:00:10]} Qxf2+ {[%emt 0:05:39]} 30. Kxf2 {[%emt 0:00:29]} a5 {[%emt 0:03:11]} 31. b3 {[%emt 0:01:17]} a4 {[%emt 0:03:47]} 32. bxa4 {[%emt 0:03:46]} Rxa4 {[%emt 0:02:25]} 33. Rfa1 {[%emt 0:01:56]} Rxa3 {[%emt 0:01:02]} 34. Rxa3 {[%emt 0:00:30]} Kf8 {[%emt 0:00:30]} 35. c4 {[%emt 0:00:30]} Nb4 {[%emt 0:00:30]} 36. Ra8+ {[%emt 0:00:30]} Ke7 {[%emt 0:00:30]} 37. Ke3 {[%emt 0:00:05]} e5 {[%emt 0:00:20]} 38. g4 {[%emt 0:00:41]} Nc2+ {[%emt 0:00:25]} 39. Kd3 {[%emt 0:00:46]} Ne1+ {[%emt 0:00:07]} 40. Ke2 {[%emt 0:01:04]} Nxf3 {[%emt 0:00:53]} 41. Ra7 {[%emt 0:00:25]} Nxh2 {[%emt 0:00:30]} 42. c5 {[%emt 0:00:30]} Kd8 {[%emt 0:00:30]} 43. c6 {[%emt 0:03:30]} Bxg4+ {[%emt 0:02:30]} 44. Ke3 {[%emt 0:00:30]} Be6 {[%emt 0:00:30]} 45. Kd3 {[%emt 0:00:30]} Nf3 {[%emt 0:01:30]} 46. Ke4 {[%emt 0:00:30]} Nd4 {[%emt 0:00:30]} 47. Ra8+ {[%emt 0:00:30]} Kc7 {[%emt 0:00:30]} 48. Kxe5 {[%emt 0:00:30]} Nxc6+ {[%emt 0:00:00]} 49. Ke4 {[%emt 0:00:00]} Kd6 {[%emt 0:00:00]} 50. Rh8 {[%emt 0:00:00]} h6 {[%emt 0:00:30]} 51. Rh7 {[%emt 0:00:00]} Bd5+ {[%emt 0:00:30]} 52. Ke3 {[%emt 0:00:00]} Ne7 {[%emt 0:00:30]} 53. Rh8 {[%emt 0:00:30]} Ke6 {[%emt 0:00:30]} 54. Rb8 {[%emt 0:00:00]} 0-1